000 00663nam a2200193Ia 4500
008 151121s9999||||xx |||||||||||||| ||und||
082 _a813-/कर्नाड
082 _bHNW-22448
100 _aकर्नाड हिरा
245 _aप्रेमा मी वंदिले
260 _b"परचुरे प्रकाशन गिरगाव, मुंबई।"
260 _c--
300 _a126
600 _aकर्नाड हिरा
630 _aप्रेमा मी वंदिले
700 _aकर्नाड हिरा
730 _aप्रेमा मी वंदिले
942 _cBOOK
999 _c1222049
_d1222046